Meningococcal LPS derived oligosaccharide-protein conjugate vaccines : (Record no. 117372)

MARC details
000 -LEADER
fixed length control field 00902nam a2200241 a 4500
008 - FIXED-LENGTH DATA ELEMENTS--GENERAL INFORMATION
fixed length control field
020 ## - INTERNATIONAL STANDARD BOOK NUMBER
International Standard Book Number 9090044086 (pbk.)
049 ## - LOCAL HOLDINGS (OCLC)
Holding library MAIN
090 ## - LOCALLY ASSIGNED LC-TYPE CALL NUMBER (OCLC); LOCAL CALL NUMBER (RLIN)
Classification number (OCLC) (R) ; Classification number, CALL (RLIN) (NR) QR189.5
Local cutter number (OCLC) ; Book number/undivided call number, CALL (RLIN) BIB
003 - CONTROL NUMBER IDENTIFIER
control field
005 - DATE AND TIME OF LATEST TRANSACTION
control field 20230120204120.0
040 ## - CATALOGING SOURCE
Transcribing agency NUST
100 1# - MAIN ENTRY--PERSONAL NAME
Personal name Bibliotheek, Koninklijke.
245 10 - TITLE STATEMENT
Title Meningococcal LPS derived oligosaccharide-protein conjugate vaccines :
Remainder of title immunochemical and immunological aspects /
Statement of responsibility, etc. Koninklijke Biblioththeek, Den Haag, Andreas Franciscus Maria Verheul.
260 ## - PUBLICATION, DISTRIBUTION, ETC.
Place of publication, distribution, etc. Bilthoven :
Name of publisher, distributor, etc. National lnstitute of Public Health and Environmental Protection,
Date of publication, distribution, etc. 1991.
300 ## - PHYSICAL DESCRIPTION
Extent 159 p. :
Other physical details ill
650 ## - SUBJECT ADDED ENTRY--TOPICAL TERM
Topical term or geographic name entry element Meningitis
Form subdivision Bacterial vaccines.
650 #1 - SUBJECT ADDED ENTRY--TOPICAL TERM
Topical term or geographic name entry element Meningococcal vaccines
General subdivision drug therapy.
700 ## - ADDED ENTRY--PERSONAL NAME
Personal name Verheul, Andreas Franciscus Maria.
700 ## - ADDED ENTRY--PERSONAL NAME
Personal name Haag, Den.
907 ## - LOCAL DATA ELEMENT G, LDG (RLIN)
a .b10327952
b 19-11-13
c 27-02-13
942 ## - ADDED ENTRY ELEMENTS (KOHA)
Koha item type Ordinary Loan Books
Call number prefix QR189.5
Call number suffix BIB
Holdings
Date last seen Total Checkouts Full call number Barcode Cost, replacement price Price effective from Koha item type Lost status Source of classification or shelving scheme Damaged status Not for loan Collection Withdrawn status Home library Current library Shelving location Date acquired Cost, normal purchase price
01/20/2023   QR189.5 BIB 92004032977 80.00 01/20/2023 BOOKS   LCC     NFIC   Medical Medical GEN 01/20/2023 80.00